| 000 | 00482nam a22001697a 4500 | ||
|---|---|---|---|
| 003 | OSt | ||
| 005 | 20240530160953.0 | ||
| 008 | 240521b |||||||| |||| 00| 0 eng d | ||
| 040 | _cCHUKA UNIVERSITY LIBRARY | ||
| 050 |
_aH 61 _b.B87 2014 |
||
| 100 |
_aBURURIA, DAVID N _914473 |
||
| 245 | _aRESEARCH PUBLICATIONS | ||
| 260 |
_aNAIROBI _bDAVID N BURURIA _c2014 |
||
| 300 |
_aVarious pages _bIllustrated |
||
| 650 |
_aResearch publications -- Bururia, D N _914474 |
||
| 942 |
_2lcc _cBK _n0 |
||
| 999 |
_c16368 _d16368 |
||